| 000 | 00793nam a2200217Ii 4500 | ||
|---|---|---|---|
| 003 | JO-AjNU | ||
| 008 | 230605s9999||||xx |||||||||||||| ||und|| | ||
| 017 | _a2013/6/2191 | ||
| 020 | _a978-9957-19-049-1 | ||
| 040 |
_aJO-AjNU _bara _erda _cJO-AjNU |
||
| 041 | _aara | ||
| 050 | 1 | 4 | _aHC498.A22 2013 |
| 100 | 3 |
_aعبد الفضيل، محمود... وآخرون؛ مراجعة وتقديم باسل البستاني, _eauthor _946238 |
|
| 245 | 0 | 0 | _aالاقتصاد العربي: محددات ومحفزات |
| 264 | 3 | 1 | _aعمان: وزارة الثقافة، 2013 |
| 300 | _a206ص | ||
| 336 |
_atext _btxt _2rdacontent |
||
| 337 |
_aunmediated _bn _2rdamedia |
||
| 338 |
_avolume _bnc _2rdacarrier |
||
| 650 | 4 |
_aالاردن - الاقتصاد - الاحوال الاقتصادية _946239 |
|
| 999 |
_aA20100 _c23668 _d23668 |
||